The geology of Moriah and Westport townships, Essex County, N.Y., (Record no. 24583)

MARC details
000 -LEADER
fixed length control field 00851cam a22002171 4500
001 - CONTROL NUMBER
control field gs 07000460
003 - CONTROL NUMBER IDENTIFIER
control field DLC
005 - DATE AND TIME OF LATEST TRANSACTION
control field 20260227111305.0
008 - FIXED-LENGTH DATA ELEMENTS--GENERAL INFORMATION
fixed length control field 780323s1895 nyuabf s001 0 eng
010 ## - LIBRARY OF CONGRESS CONTROL NUMBER
LC control number gs 07000460
035 ## - SYSTEM CONTROL NUMBER
System control number (OCoLC)3742044
040 ## - CATALOGING SOURCE
Original cataloging agency DLC
Transcribing agency NOsU
Modifying agency NBrockU
-- DLC
042 ## - AUTHENTICATION CODE
Authentication code premarc
050 00 - LIBRARY OF CONGRESS CALL NUMBER
Classification number QE146.E8
Item number K3
100 1# - MAIN ENTRY--PERSONAL NAME
Personal name Kemp, James Furman,
Dates associated with a name 1859-1926.
245 14 - TITLE STATEMENT
Title The geology of Moriah and Westport townships, Essex County, N.Y.,
Remainder of title with a geological map,
Statement of responsibility, etc. prepared under the direction of Frederick J. H. Merrill; by James Furman Kemp.
260 ## - PUBLICATION, DISTRIBUTION, ETC.
Place of publication, distribution, etc. Albany,
Name of publisher, distributor, etc. University of the State of New York,
Date of publication, distribution, etc. 1895.
300 ## - PHYSICAL DESCRIPTION
Extent 1 p. l., [325]-355 p.
Other physical details illus., plates, 2 fold. maps (incl. front.)
Dimensions 24 cm.
440 #0 - SERIES STATEMENT/ADDED ENTRY--TITLE
Title Bulletin of the New York State Museum,
Volume/sequential designation v. 3, no. 14
650 #0 - SUBJECT ADDED ENTRY--TOPICAL TERM
Topical term or geographic name entry element Geology
Geographic subdivision New York (State)
-- Essex County.

No items available.

Powered by Koha